| 000 | 00617nam a2200205Ia 4500 | ||
|---|---|---|---|
| 008 | 191130s2005##################000#0#eng## | ||
| 020 | _a9780750664523 | ||
| 022 | _a2006271622 | ||
| 040 |
_aACL _cACL |
||
| 082 | _a332.6457 LOA | ||
| 100 | _aLoader, David | ||
| 245 |
_aClearing and settlement of derivatives _cDavid Loader |
||
| 260 |
_aAmsterdam _bElsevier _cc2005 |
||
| 300 | _axiii, 273 p. : ill. ; 24 cm | ||
| 500 | _aIncludes bibliographical references (p. [245]-247) and index | ||
| 650 | _aDerivative securities | ||
| 990 | _a33a5af1fac10000c1b3124ba1d2d0f89 | ||
| 991 | _a152165 | ||
| 999 |
_c251642 _d251642 |
||